[Event "Superettan(SodraSASS-Lulea)"]
[Site "?"]
[Date "2012.02.04"]
[Round "5"]
[White "Winge, Stefan"]
[Black "Marklund, Niklas"]
[Result "1-0"]
[WhiteElo "2298"]
[BlackElo "2234"]
[PlyCount "69"]

1. e4 c5 2. Nf3 d6 3. d4 cxd4 4. Nxd4 Nf6 5. Nc3 a6 6. f3 e6 7. Be3 Be7 8. Qd2
Qc7 9. g4 b5 10. g5 Nfd7 11. O-O-O O-O 12. h4 Nb6 13. a3 N8d7 14. f4 Re8 15. h5
b4 16. axb4 d5 17. Na2 dxe4 18. Kb1 Bf8 19. Nb3 Bb7 20. Na5 Red8 21. Qc3 Qb8
22. Qb3 Nd5 23. Bc1 Qc7 24. Bg2 Bxb4 25. Nxb7 Qxb7 26. Bxe4 Rab8 27. Nxb4 Nc5
28. Nxd5 Nxb3 29. Nf6+ gxf6 30. Bxb7 Rxd1 31. Rxd1 Nxc1 32. Bf3 Rb4 33. h6 Kf8
34. gxf6 Ke8 35. Bc6+ 1-0

[Event "Superettan(SodraSASS-Lulea)"]
[Site "?"]
[Date "2012.02.04"]
[Round "5"]
[White "Rolen, Magnus"]
[Black "Alqvist, Erik"]
[Result "0-1"]
[WhiteElo "2162"]
[BlackElo "1998"]
[PlyCount "56"]

1. Nc3 c5 2. e4 d6 3. d4 cxd4 4. Qxd4 Nc6 5. Bb5 Bd7 6. Bxc6 Bxc6 7. Bg5 Nf6 8.
Nf3 e6 9. O-O-O Be7 10. Kb1 O-O 11. h4 b5 12. e5 dxe5 13. Qxe5 Qb6 14. Nd4 b4
15. Nxc6 Qxc6 16. Ne2 Rfd8 17. f3 Rac8 18. Nd4 Qc4 19. b3 Rd5 20. Qe2 Qc7 21.
Bc1 Rc5 22. Rd2 Nd5 23. Bb2 Bf6 24. Rhd1 Qa5 25. Nxe6 Bxb2 26. Rxd5 Rxd5 27.
Kxb2 Re5 28. Qa6 Qxa6 0-1

[Event "Superettan(SodraSASS-Lulea)"]
[Site "?"]
[Date "2012.02.04"]
[Round "5"]
[White "Fors, Tomas"]
[Black "Marcussen, Arno"]
[Result "1-0"]
[WhiteElo "2047"]
[BlackElo "2136"]
[PlyCount "46"]

1. d4 c5 2. d5 e5 3. c4 d6 4. e4 Be7 5. Nf3 Bg4 6. Nc3 Bxf3 7. Qxf3 Bg5 8. Bxg5
Qxg5 9. Be2 Qd8 10. O-O Ne7 11. Qe3 Nd7 12. g3 h5 13. f4 Qb6 14. Rab1 f6 15. b4
a6 16. fxe5 dxe5 17. Na4 Qa7 18. bxc5 Rc8 19. Nb6 Rxc5 20. Nxd7 Kxd7 21. Rxb7+
Qxb7 22. Qxc5 Nc8 23. Qe3 Nd6 1-0

[Event "Superettan(SodraSASS-Lulea)"]
[Site "?"]
[Date "2012.02.04"]
[Round "5"]
[White "Pousette, Gunnar"]
[Black "Johansson, Per"]
[Result "1/2-1/2"]
[WhiteElo "2115"]
[BlackElo "1971"]
[PlyCount "60"]

1. c4 c6 2. g3 Nf6 3. Bg2 d5 4. b3 Bf5 5. Nf3 e6 6. O-O Be7 7. Bb2 O-O 8. d3 h6
9. Nbd2 a5 10. Rc1 Nbd7 11. Re1 Bh7 12. h3 a4 13. bxa4 Qa5 14. Bc3 Qxa4 15. Rb1
Qxd1 16. Rexd1 b6 17. Rb2 Ra3 18. Nb1 Ra4 19. Ne5 Nxe5 20. Bxe5 Nd7 21. Bc7 Bf6
22. Rc2 Rfa8 23. cxd5 cxd5 24. a3 Be7 25. Rdc1 Bc5 26. Bf4 g5 27. Be3 R8a5 28.
Bd2 Ra8 29. Be3 R8a5 30. Bd2 Ra8 1/2-1/2

[Event "Superettan(SodraSASS-Lulea)"]
[Site "?"]
[Date "2012.02.04"]
[Round "5"]
[White "Broden, Per"]
[Black "Pettersson, Tobias"]
[Result "0-1"]
[WhiteElo "1958"]
[BlackElo "2082"]
[PlyCount "84"]

1. b3 g6 2. Bb2 Nf6 3. g4 Bg7 4. Bg2 d6 5. h3 e5 6. e3 Nc6 7. d3 a5 8. a3 Qe7
9. Nc3 Be6 10. Qd2 Nd8 11. Nge2 c6 12. Ne4 Nd7 13. N4g3 a4 14. b4 Bf6 15. O-O-O
Bd5 16. Ne4 Bg7 17. Rhg1 Nb6 18. f4 f6 19. N2g3 Ne6 20. fxe5 fxe5 21. Kb1 Rf8
22. Qe2 Bxe4 23. Nxe4 d5 24. Nd2 Kf7 25. h4 Qxh4 26. Nf3 Qe7 27. Rh1 Kg8 28.
Nxe5 Nc7 29. Nf3 Nb5 30. d4 Nc4 31. Ka2 Qxe3 32. Qd3 Qf2 33. Rh2 Rae8 34. Ne5
Nxb2 35. Kxb2 Nxd4 36. Bxd5+ cxd5 37. Rxf2 Rxf2 38. Nd7 Rxc2+ 39. Kb1 Ree2 40.
Nc5 Rb2+ 41. Ka1 Ra2+ 42. Kb1 Reb2+ 0-1

[Event "Superettan(Orgryte-Rodeby)"]
[Site "?"]
[Date "2012.02.04"]
[Round "5"]
[White "Svensson, Bo Anders"]
[Black "Ziegler, Ari"]
[Result "0-1"]
[WhiteElo "2360"]
[BlackElo "2411"]
[PlyCount "78"]
[SourceDate "2012.02.08"]

1. c4 e5 2. g3 Nf6 3. Bg2 d5 4. cxd5 Nxd5 5. Nf3 Nc6 6. O-O Nb6 7. d3 Be7 8.
Nbd2 Be6 9. a3 a5 10. b3 Qd7 11. Bb2 f6 12. Qc2 O-O 13. Rfd1 Rad8 14. Nc4 Nxc4
15. dxc4 Qc8 16. Nd2 Nd4 17. Bxd4 Rxd4 18. e3 Rdd8 19. Qc3 b6 20. b4 Bg4 21.
Bd5+ Kh8 22. f3 Bh5 23. g4 Bg6 24. h3 f5 25. b5 e4 26. Nb3 fxg4 27. f4 gxh3 28.
Kh2 Qg4 29. Rd2 Bd6 30. Rg1 Qh4 31. Nd4 Rxf4 32. exf4 Qxf4+ 33. Kxh3 Qh6+ 34.
Kg2 Qh2+ 35. Kf1 Rf8+ 36. Nf3 Qh3+ 37. Ke2 Rxf3 38. Qd4 Bc5 39. Qe5 Bxg1 0-1

[Event "Superettan(Orgryte-Rodeby)"]
[Site "?"]
[Date "2012.02.04"]
[Round "5"]
[White "Frisk Kockum, Anton"]
[Black "Laksman, Efraim"]
[Result "1-0"]
[WhiteElo "2402"]
[BlackElo "2215"]
[PlyCount "70"]

1. d4 Nf6 2. Nf3 g6 3. c4 Bg7 4. Nc3 O-O 5. e4 d6 6. Be2 e5 7. O-O Nc6 8. d5
Ne7 9. Ne1 Ne8 10. Nd3 f5 11. Bd2 Nf6 12. f3 c5 13. dxc6 bxc6 14. Be3 Qc7 15.
Rc1 Qb8 16. Qa4 Be6 17. Nb4 Rc8 18. Na6 Qb7 19. Rfd1 Rd8 20. b4 Bf7 21. b5 c5
22. Qc2 f4 23. Bf2 g5 24. Rd2 Rd7 25. Qd1 Rad8 26. a4 Nc6 27. bxc6 Qxc6 28.
Nxc5 dxc5 29. Nd5 Kh8 30. Rb1 g4 31. Rb5 gxf3 32. Bxf3 Bf8 33. Bh4 Bxd5 34.
cxd5 Qd6 35. Rc2 Rc8 1-0

[Event "Superettan(Orgryte-Rodeby)"]
[Site "?"]
[Date "2012.02.04"]
[Round "5"]
[White "Wahlbom, Magnus"]
[Black "Arnelind, Mikael"]
[Result "1-0"]
[WhiteElo "2289"]
[BlackElo "2193"]
[PlyCount "111"]

1. d4 Nf6 2. c4 e6 3. Nc3 Bb4 4. e3 O-O 5. Bd3 d5 6. Nf3 c5 7. O-O Nc6 8. a3
Bxc3 9. bxc3 dxc4 10. Bxc4 Qc7 11. Bb5 a6 12. Be2 e5 13. dxe5 Nxe5 14. Qc2
Nxf3+ 15. Bxf3 Bg4 16. c4 Bxf3 17. gxf3 Qc6 18. Kg2 Rae8 19. Bb2 Nd7 20. Rad1
Re6 21. Rd5 Rg6+ 22. Kh1 Nb6 23. e4 Nxd5 24. cxd5 Qd6 25. Qd2 Rd8 26. f4 f6 27.
Rd1 Qd7 28. f5 Rh6 29. f3 Qd6 30. Qg2 Rh5 31. Bc1 c4 32. f4 Qe7 33. Qf3 Rh4 34.
Bb2 Rh6 35. e5 fxe5 36. fxe5 Qh4 37. Qg2 Qh3 38. e6 Qxg2+ 39. Kxg2 Rh5 40. d6
Rg5+ 41. Kh1 Rxf5 42. e7 Rff8 43. exd8=Q Rxd8 44. Kg2 Kf7 45. Kf3 Rd7 46. Ke4
Ke6 47. Be5 b5 48. Rg1 a5 49. Rxg7 Rxg7 50. Bxg7 Kxd6 51. Bc3 b4 52. axb4 axb4
53. Bxb4+ Ke6 54. Bc3 Kf7 55. Kf5 h6 56. h4 1-0

[Event "Superettan(Orgryte-Rodeby)"]
[Site "?"]
[Date "2012.02.04"]
[Round "5"]
[White "Eksmyr, Johan"]
[Black "Greiff, Hakan"]
[Result "1-0"]
[WhiteElo "2114"]
[BlackElo "2299"]
[PlyCount "121"]

1. d4 d5 2. Bg5 Nf6 3. Bxf6 exf6 4. e3 Be6 5. Bd3 f5 6. Qf3 g6 7. h4 Nd7 8. Ne2
Nf6 9. Nd2 Ne4 10. O-O-O Qd7 11. Nf4 O-O-O 12. Qe2 Qa4 13. Kb1 a6 14. Rc1 Bd6
15. g3 Kb8 16. c3 Rhe8 17. Nf3 h5 18. Rhf1 Qa5 19. c4 dxc4 20. Bxc4 Bxf4 21.
gxf4 Rd6 22. Ne5 Nd2+ 23. Ka1 Nxf1 24. Bxe6 Nd2 25. Bxf7 Re7 26. Qe1 Rxf7 27.
Nxf7 Rd5 28. Rc3 Ne4 29. Rc1 Qxe1 30. Rxe1 Nxf2 31. Ne5 Rd6 32. Re2 Ng4 33. Kb1
b6 34. Kc2 Kb7 35. Kd3 c5 36. Kc4 cxd4 37. exd4 Nf6 38. Nxg6 b5+ 39. Kb3 Ne4
40. Ne7 Rxd4 41. Kc2 Ng3 42. Rg2 Nf1 43. Rg7 Kb6 44. Rg6+ Kb7 45. Rg7 Rd2+ 46.
Kc3 Kb6 47. Rg6+ Ka7 48. Nxf5 a5 49. a3 Rf2 50. Nd6 Rf3+ 51. Kd4 Rxf4+ 52. Kc5
Ne3 53. Kxb5 a4 54. Rg7+ Kb8 55. Kb6 Nd5+ 56. Kc6 Nf6 57. Rf7 Rf2 58. Rb7+ Ka8
59. Rb4 Rc2+ 60. Nc4 Ng4 61. Kc7 1-0

[Event "Superettan(Orgryte-Rodeby)"]
[Site "?"]
[Date "2012.02.04"]
[Round "5"]
[White "Karlsson, Robert"]
[Black "Kumar, Rahul"]
[Result "1/2-1/2"]
[WhiteElo "2031"]
[BlackElo "2154"]
[PlyCount "111"]
[EventDate "2012.??.??"]

1. e4 d6 2. d4 Nf6 3. Nc3 c6 4. f3 Qc7 5. Be3 e5 6. Qd2 Be7 7. g4 Nbd7 8. g5
Nh5 9. Nge2 Nf8 10. d5 Ng6 11. O-O-O c5 12. Ng3 Ngf4 13. Nce2 Bd7 14. Nxh5 Nxh5
15. f4 exf4 16. Nxf4 Nxf4 17. Bxf4 O-O-O 18. h4 Kb8 19. Bh3 f6 20. Rdg1 Rde8
21. gxf6 Bxf6 22. Qh2 Re5 23. Bxd7 Qxd7 24. Bxe5 Bxe5 25. Qe2 Qa4 26. Kb1 Qb4
27. c4 Re8 28. Rh3 Qb6 29. Rf1 Bf6 30. Rf4 Qd8 31. Qh5 Qe7 32. Rb3 h6 33. a3 a6
34. Ka2 Ka7 35. Rbf3 Rb8 36. Qg6 Qe5 37. Rxf6 gxf6 38. Qxf6 Qxe4 39. Rc3 Qe5
40. Qxh6 Rh8 41. Qg5 Qh2 42. Qe7 Qe5 43. Qxe5 dxe5 44. Rh3 e4 45. Kb3 Re8 46.
Re3 b5 47. Kc3 Kb6 48. b4 Re5 49. d6 Kc6 50. cxb5+ axb5 51. bxc5 Rxc5+ 52. Kd4
Kxd6 53. Rxe4 Rc4+ 54. Kd3 Rc1 55. a4 bxa4 56. Rxa4 1/2-1/2

[Event "Superettan(Orgryte-Rodeby)"]
[Site "?"]
[Date "2012.02.04"]
[Round "5"]
[White "Goransson, Michael"]
[Black "Bernhardsson, Sten"]
[Result "1/2-1/2"]
[WhiteElo "2005"]
[BlackElo "1948"]
[PlyCount "70"]
[SourceDate "2012.02.08"]

1. d4 d5 2. Nf3 Nf6 3. e3 e6 4. Bd3 Be7 5. O-O O-O 6. b3 c5 7. Bb2 Nc6 8. Nbd2
cxd4 9. exd4 Bd7 10. a3 Rc8 11. Qe2 a6 12. Ne5 Na7 13. Nxd7 Qxd7 14. f4 g6 15.
Rf3 Nb5 16. Raf1 Nd6 17. Rh3 Qc6 18. g4 Nfe4 19. Bxe4 Nxe4 20. c4 f5 21. gxf5
exf5 22. Nxe4 dxe4 23. d5 Qb6+ 24. Kh1 Bf6 25. Rd1 Bxb2 26. Qxb2 Rxc4 27. Qe5
Rcc8 28. d6 Rcd8 29. Qe6+ Rf7 30. Rxh7 Kxh7 31. Qxf7+ Kh6 32. Qf6 Qf2 33. Qg5+
Kg7 34. Qe7+ Kh6 35. Qg5+ Kg7 1/2-1/2

[Event "Superettan(Orgryte-Rodeby)"]
[Site "?"]
[Date "2012.02.04"]
[Round "5"]
[White "Eriksson, Bengt"]
[Black "Forsberg, Jan-Olof"]
[Result "1-0"]
[WhiteElo "2092"]
[BlackElo "2119"]
[PlyCount "93"]

1. d4 e6 2. Nf3 c5 3. e3 Nf6 4. Bd3 b6 5. c4 Be7 6. d5 d6 7. g4 e5 8. g5 Nfd7
9. h4 a6 10. Nc3 Nf8 11. Qc2 Bg4 12. Nh2 Bc8 13. Bd2 Ng6 14. O-O-O Nxh4 15. f4
g6 16. e4 f6 17. gxf6 Bxf6 18. fxe5 Bxe5 19. Rdf1 Ra7 20. Be1 g5 21. Bxh4 gxh4
22. Nf3 Bg3 23. e5 Rf7 24. e6 Rg7 25. Ne4 Qe7 26. Nxg3 hxg3 27. Nh4 g2 28. Nxg2
Qg5+ 29. Nf4 Rf8 30. Qd2 b5 31. Rfg1 Qxg1+ 32. Rxg1 Rxg1+ 33. Kc2 bxc4 34. Bxh7
Rf1 35. Bg6+ Ke7 36. Nh3 R8f6 37. Qh6 Bxe6 38. dxe6 Nc6 39. Qg7+ Kxe6 40. Ng5+
Ke5 41. Ne4 Nd4+ 42. Kc3 R1f3+ 43. Kd2 Ne6 44. Qh8 d5 45. Nxf6 Rxf6 46. Qb8+
Kd4 47. Qg3 1-0

[Event "Superettan(Orgryte-Rodeby)"]
[Site "?"]
[Date "2012.02.04"]
[Round "5"]
[White "Svedberg, Hans"]
[Black "Dolgov, Mikhail"]
[Result "1-0"]
[WhiteElo "2089"]
[BlackElo "1963"]
[PlyCount "97"]

1. e4 e5 2. Nf3 Nc6 3. Bb5 a6 4. Ba4 Nf6 5. O-O Nxe4 6. d4 b5 7. Bb3 d5 8. dxe5
Be6 9. Nbd2 Bc5 10. c3 O-O 11. Bc2 Nxf2 12. Rxf2 f6 13. Nf1 Bxf2+ 14. Kxf2 fxe5
15. Kg1 Bg4 16. Ne3 Bxf3 17. gxf3 Ne7 18. Qd3 g6 19. Ng4 Qd6 20. Bh6 Rf5 21.
Qe3 Rh5 22. Bg5 Rf8 23. f4 Nf5 24. Bxf5 gxf5 25. Nxe5 h6 26. Qe2 Rh3 27. Qg2
hxg5 28. Qxh3 gxf4 29. Re1 Rf6 30. Kh1 d4 31. Rg1+ Kf8 32. Qh8+ Ke7 33. Rg7+
Ke6 34. Qe8+ Kd5 35. Rd7 Re6 36. Rxd6+ cxd6 37. Qc6+ Kxe5 38. cxd4+ Kxd4 39.
Qc3+ Ke4 40. Kg2 Rg6+ 41. Kf2 d5 42. Qc2+ Ke5 43. Kf3 Rh6 44. Qc7+ Rd6 45. Qg7+
Rf6 46. h4 d4 47. h5 d3 48. h6 d2 49. Ke2 1-0

[Event "Superettan(Farsta-Burgsvik)"]
[Site "?"]
[Date "2012.02.04"]
[Round "5"]
[White "Fries Nielsen, Jens Ove"]
[Black "Livner, Anders"]
[Result "1-0"]
[WhiteElo "2394"]
[BlackElo "2439"]
[PlyCount "64"]
[EventDate "2012.??.??"]

1. e4 c6 2. Nc3 d5 3. exd5 cxd5 4. d4 Nc6 5. Bf4 a6 6. Nge2 Nf6 7. Qd2 Bf5 8.
Ng3 Bg6 9. h4 h6 10. h5 Bh7 11. Bd3 Bxd3 12. Qxd3 e6 13. a3 Bd6 14. Nge2 Bxf4
15. Nxf4 Qb6 16. O-O-O O-O 17. g4 Rfd8 18. Rhg1 Ne4 19. g5 hxg5 20. Nh3 f6 21.
f3 Nxc3 22. bxc3 Ne7 23. f4 g4 24. Rxg4 Nf5 25. Rdg1 Rd7 26. Rg6 Rf7 27. h6 Rc8
28. Nf2 Rfc7 29. Ng4 Rxc3 30. Nxf6+ Kf7 31. Rxg7+ Nxg7 32. Rxg7+ Kf8 1-0

[Event "Superettan(Farsta-Burgsvik)"]
[Site "?"]
[Date "2012.02.04"]
[Round "5"]
[White "Sammalvuo, Tapani"]
[Black "Krupenski, Juri"]
[Result "1/2-1/2"]
[WhiteElo "2527"]
[BlackElo "2291"]
[PlyCount "105"]
[SourceDate "2012.02.08"]

1. e4 c5 2. Nf3 d6 3. d4 cxd4 4. Nxd4 Nf6 5. Nc3 e6 6. g4 a6 7. g5 Nfd7 8. h4
b5 9. Be3 b4 10. Na4 Bb7 11. Bg2 Qa5 12. b3 Nc5 13. Nxc5 dxc5 14. Ne2 Nd7 15.
Nc1 c4 16. Qd4 cxb3 17. axb3 Qc7 18. Nd3 e5 19. Qb2 f5 20. gxf6 gxf6 21. f3 Nc5
22. Bf1 Bd6 23. Nf2 f5 24. exf5 Bxf3 25. Rh3 Bb7 26. Bc4 O-O-O 27. Rg3 Rhf8 28.
O-O-O Kb8 29. Bg5 Rde8 30. Bh6 e4 31. Rg7 Be5 32. Rxc7 Bxb2+ 33. Kxb2 Kxc7 34.
Bxf8 Rxf8 35. Be6 e3 36. Nd3 e2 37. Re1 Nxd3+ 38. cxd3 Bf3 39. Kc2 Bg4 40. Kd2
Bxf5 41. Rxe2 Kd6 42. Bc4 Bg4 43. Re4 Bc8 44. Rd4+ Kc6 45. Ke3 a5 46. Rd5 Rf5
47. Rd8 Bb7 48. Rg8 Rh5 49. Rg4 Kc5 50. Rg7 Bc6 51. Rg4 Rf5 52. Rg7 Rh5 53. Rg4
1/2-1/2

[Event "Superettan(Farsta-Burgsvik)"]
[Site "?"]
[Date "2012.02.04"]
[Round "5"]
[White "Andersson, Bjorn"]
[Black "Ong, Kezli"]
[Result "0-1"]
[WhiteElo "2318"]
[BlackElo "2327"]
[PlyCount "88"]

1. e4 e5 2. Nf3 Nc6 3. Bb5 a6 4. Ba4 Nf6 5. Qe2 Be7 6. c3 b5 7. Bb3 d6 8. d3
O-O 9. Nbd2 Re8 10. Nf1 h6 11. h3 Be6 12. g4 Bxb3 13. axb3 d5 14. Ng3 dxe4 15.
dxe4 Nd7 16. O-O Nc5 17. Rd1 Qc8 18. Qc2 Qe6 19. Rd5 Red8 20. Rxd8+ Rxd8 21. b4
Qb3 22. Qe2 Rd1+ 23. Kh2 Nd3 24. Ra3 Nxc1 25. Rxb3 Nxe2 26. Nxe2 Rd3 27. Kg2
Bxb4 28. Rxb4 Nxb4 29. cxb4 Rb3 30. Nc1 Rxb2 31. Nd3 Rb3 32. Nfxe5 f6 33. Nc5
Rxb4 34. Ned3 Rd4 35. Kf3 a5 36. Ke3 Rc4 37. f4 a4 38. e5 fxe5 39. fxe5 a3 40.
Kd2 a2 41. Nb3 c5 42. Ndc1 Ra4 43. Na1 Rb4 44. Nc2 Rb2 0-1

[Event "Superettan(Farsta-Burgsvik)"]
[Site "?"]
[Date "2012.02.04"]
[Round "5"]
[White "von Bahr, Oskar"]
[Black "Fries Nielsen, Niels J"]
[Result "1/2-1/2"]
[WhiteElo "2348"]
[BlackElo "2390"]
[PlyCount "53"]

1. c4 g6 2. g3 Bg7 3. Bg2 Nf6 4. Nc3 O-O 5. e4 d6 6. Nge2 c6 7. O-O Na6 8. d3
Nc7 9. h3 b5 10. Nd4 Bd7 11. e5 dxe5 12. Nxc6 Bxc6 13. Bxc6 b4 14. Bxa8 Qxa8
15. Nb5 Ne6 16. a3 b3 17. Be3 a6 18. a4 axb5 19. axb5 Qc8 20. Qxb3 Nf4 21. Bxf4
Qxh3 22. Be3 Bh6 23. Bc5 Rc8 24. Bb6 Rb8 25. Bc5 Rc8 26. Bb6 Rb8 27. Bc5
1/2-1/2

[Event "Superettan(Farsta-Burgsvik)"]
[Site "?"]
[Date "2012.02.04"]
[Round "5"]
[White "Akerman, Axel"]
[Black "Hjelm, Niclas"]
[Result "1/2-1/2"]
[WhiteElo "2195"]
[BlackElo "2367"]
[PlyCount "69"]

1. e4 e5 2. Nf3 Nc6 3. Bb5 Nf6 4. Qe2 Bc5 5. d3 d6 6. Bg5 h6 7. Bh4 Bd7 8. c3
a6 9. Ba4 Ba7 10. Nbd2 Qe7 11. Nf1 g5 12. Bg3 Nh5 13. Ne3 Bxe3 14. Qxe3 O-O-O
15. b4 Nf4 16. O-O h5 17. h4 Rdg8 18. Bxc6 Bxc6 19. Nxg5 Rxg5 20. hxg5 Qxg5 21.
Bxf4 exf4 22. Qe2 h4 23. f3 h3 24. Rf2 Qh4 25. gxh3 Qxh3 26. Rh2 Qg3+ 27. Kh1
Rxh2+ 28. Qxh2 Qxf3+ 29. Qg2 Qxd3 30. Qg8+ Kd7 31. Qxf7+ Kc8 32. Qf8+ Kd7 33.
Qf7+ Kc8 34. Qf8+ Kd7 35. Qf7+ 1/2-1/2

[Event "Superettan(Farsta-Burgsvik)"]
[Site "?"]
[Date "2012.02.04"]
[Round "5"]
[White "Lagerborg, Krister"]
[Black "Linusson, Pelle"]
[Result "0-1"]
[WhiteElo "2141"]
[BlackElo "2109"]
[PlyCount "90"]
[EventDate "2012.??.??"]

1. e4 e5 2. Nf3 Nc6 3. Nc3 Nf6 4. d4 exd4 5. Nxd4 Bc5 6. Nxc6 bxc6 7. Bd3 d6 8.
O-O Ng4 9. h3 Ne5 10. Be2 a5 11. Na4 Ba7 12. Kh2 h5 13. f3 g5 14. Qd2 g4 15.
Qg5 Qxg5 16. Bxg5 gxh3 17. gxh3 h4 18. f4 Rg8 19. Bxh4 Rh8 20. Bf6 Rxh3+ 21.
Kg2 Re3 22. fxe5 Rxe2+ 23. Kf3 Re3+ 24. Kf4 Rh3 25. Rae1 Be6 26. Rh1 Be3+ 27.
Rxe3 Rxh1 28. Rg3 Kd7 29. Rd3 Rg8 30. Nc5+ Kc8 31. Nxe6 Rf1+ 32. Ke3 fxe6 33.
Be7 Rg3+ 34. Ke2 Rxd3 35. cxd3 Rb1 36. exd6 cxd6 37. Bxd6 Rxb2+ 38. Ke3 Rxa2
39. Kd4 Kd7 40. e5 Rc2 41. Ke3 c5 42. d4 c4 43. Bc5 Kc6 44. Ke4 Re2+ 45. Kf3
Rxe5 0-1

[Event "Superettan(Farsta-Burgsvik)"]
[Site "?"]
[Date "2012.02.04"]
[Round "5"]
[White "Larsson, Victor"]
[Black "Jaderberg, Bjorn"]
[Result "1/2-1/2"]
[WhiteElo "2185"]
[BlackElo "2207"]
[PlyCount "93"]
[SourceDate "2012.02.08"]

1. d4 Nf6 2. c4 e6 3. Nc3 Bb4 4. e3 O-O 5. Bd3 d5 6. Nge2 c5 7. b3 Nc6 8. Bb2
cxd4 9. exd4 b6 10. O-O Bb7 11. cxd5 exd5 12. Ng3 Re8 13. Rc1 Bf8 14. h4 Nb4
15. Bb1 Ba6 16. Re1 Rxe1+ 17. Qxe1 Nd3 18. Bxd3 Bxd3 19. Qd1 Ba6 20. Qf3 Qd7
21. Nce2 Rc8 22. Nf4 Rxc1+ 23. Bxc1 Qc6 24. Be3 Bc8 25. Ngh5 Ne4 26. Nd3 f6 27.
Ng3 Bd6 28. Nf5 Ba6 29. Nf4 Bc8 30. Nxd5 Qxd5 31. Nxd6 Qxd6 32. Qxe4 Qd7 33.
Qf4 Kf8 34. h5 Bb7 35. f3 Qc6 36. Qf5 Kg8 37. Kh2 Bc8 38. Qf4 Kf7 39. Qb8 Qb7
40. Qd6 Qd7 41. Qb8 Qb7 42. Qf4 Qd5 43. Kg1 Be6 44. Bd2 Qd7 45. Bb4 g5 46.
hxg6+ hxg6 47. Kh2 1/2-1/2

[Event "Superettan(Farsta-Burgsvik)"]
[Site "?"]
[Date "2012.02.04"]
[Round "5"]
[White "Wieweg, Johnny"]
[Black "Scheid, Adam"]
[Result "0-1"]
[WhiteElo "2160"]
[BlackElo "1996"]
[PlyCount "86"]

1. e4 c5 2. Nf3 Nc6 3. c3 d5 4. exd5 Qxd5 5. d4 Bg4 6. Be2 e6 7. O-O Nf6 8. Be3
Rd8 9. Qa4 cxd4 10. cxd4 Bb4 11. a3 Ba5 12. Nc3 Bxc3 13. bxc3 O-O 14. Rab1 Ne4
15. Qc2 Bf5 16. Bd3 Nd6 17. Nd2 Bxd3 18. Qxd3 Ne5 19. Qe2 Nec4 20. Bf4 Nxd2 21.
Qxd2 Nc4 22. Qa2 Rc8 23. a4 b6 24. Rfe1 Ne3 25. Qxd5 Nxd5 26. Bd2 Nxc3 27. Rb3
Nd5 28. a5 Rc2 29. Rd1 Rfc8 30. g3 Ra2 31. axb6 axb6 32. Kg2 h6 33. Kf3 Rcc2
34. Be1 Kf8 35. Ke4 Ke7 36. h4 h5 37. f4 g6 38. Kd3 Re2 39. Bb4+ Kd7 40. Bd2
Rg2 41. Be1 Rge2 42. Bd2 Rf2 43. Be1 Rf3+ 0-1

[Event "Superettan(Wasa-Orebro)"]
[Site "?"]
[Date "2012.02.04"]
[Round "5"]
[White "Nygren, Kim"]
[Black "Hellborg, Teodor"]
[Result "0-1"]
[WhiteElo "2352"]
[BlackElo "2362"]
[PlyCount "86"]
[EventDate "2012.??.??"]

1. b3 Nf6 2. Bb2 d5 3. e3 Bg4 4. Be2 Bxe2 5. Qxe2 Nc6 6. Nf3 g6 7. Bxf6 exf6 8.
d4 Bb4+ 9. c3 Ba5 10. O-O O-O 11. Rc1 Re8 12. a4 a6 13. b4 Bb6 14. a5 Ba7 15.
Nbd2 Ne7 16. b5 axb5 17. Qxb5 Rb8 18. c4 c6 19. Qa4 Rc8 20. Rab1 Rc7 21. a6 b6
22. Qa2 Qd7 23. e4 dxc4 24. Qxc4 b5 25. Rxb5 Bxd4 26. Rb3 Ba7 27. e5 Nd5 28.
Rd3 Bb6 29. Ne4 Qe7 30. Nd6 Ra8 31. Qg4 fxe5 32. Nf5 Qf6 33. N3h4 h5 34. Qf3
Rxa6 35. g4 Ra2 36. Ne3 Qxf3 37. Nxf3 Nxe3 38. fxe3 e4 39. Rd8+ Kg7 40. Nd4
hxg4 41. Re8 f5 42. Rc4 Bxd4 43. exd4 Rb7 0-1

[Event "Superettan(Wasa-Orebro)"]
[Site "?"]
[Date "2012.02.04"]
[Round "5"]
[White "Soderberg, Per"]
[Black "Alm, Hakan"]
[Result "0-1"]
[WhiteElo "2238"]
[BlackElo "2319"]
[PlyCount "70"]
[SourceDate "2012.02.08"]

1. e4 c6 2. Nc3 d5 3. Nf3 Bg4 4. h3 Bxf3 5. Qxf3 e6 6. d3 Nf6 7. a3 Nbd7 8. g4
g6 9. Qg3 dxe4 10. dxe4 Bg7 11. Bd2 O-O 12. O-O-O b5 13. e5 Nd5 14. f4 f6 15.
Nxd5 cxd5 16. Bxb5 fxe5 17. Bxd7 Qxd7 18. fxe5 Rab8 19. h4 Rfc8 20. Bc3 Rc4 21.
Rhe1 Qa4 22. b3 Qxa3+ 23. Kd2 Rc7 24. Ra1 Qc5 25. Ra5 Qb6 26. Qe3 Rbc8 27. Qxb6
axb6 28. Ra6 Rxc3 29. Rxb6 Rxc2+ 30. Kd3 R2c6 31. Rb7 Rc3+ 32. Kd2 Rc2+ 33. Kd3
R8c3+ 34. Kd4 Bf8 35. Rb8 Rg3 0-1

[Event "Superettan(Wasa-Orebro)"]
[Site "?"]
[Date "2012.02.04"]
[Round "5"]
[White "Gruvaeus, Curt"]
[Black "Wedberg, Tom"]
[Result "1/2-1/2"]
[WhiteElo "2329"]
[BlackElo "2553"]
[PlyCount "42"]

1. d4 Nf6 2. Nf3 e6 3. g3 c5 4. Bg2 Nc6 5. O-O cxd4 6. Nxd4 Qb6 7. Nb3 d5 8.
N1d2 e5 9. c4 d4 10. c5 Qc7 11. Nf3 Be6 12. Bd2 h6 13. Rc1 a5 14. Na1 Be7 15.
Qa4 O-O 16. Rfd1 Rfd8 17. Ne1 Bg4 18. Kf1 e4 19. Bf4 Qc8 20. f3 Bf5 21. Nb3
exf3 1/2-1/2

[Event "Superettan(Wasa-Orebro)"]
[Site "?"]
[Date "2012.02.04"]
[Round "5"]
[White "Astrom, Goran"]
[Black "Lind, Jan-Olov"]
[Result "1-0"]
[WhiteElo "2320"]
[BlackElo "2251"]
[PlyCount "101"]

1. e4 c5 2. Nf3 e6 3. d4 cxd4 4. Nxd4 a6 5. Bd3 Nc6 6. Nxc6 dxc6 7. O-O Bd6 8.
Qe2 e5 9. a4 Nf6 10. Nd2 O-O 11. Nc4 Bc7 12. a5 Be6 13. Bd2 Qe7 14. Ra4 Rad8
15. Bb4 c5 16. Bc3 Bd7 17. Raa1 Bc6 18. Rad1 g6 19. f3 Nh5 20. g3 Ng7 21. Ne3
Ne6 22. Bc4 Nd4 23. Qf2 Kg7 24. Nd5 Bxd5 25. Bxd5 Rb8 26. Kg2 Qd8 27. Ra1 Qd7
28. Qd2 f6 29. Qd3 h5 30. h4 Kh7 31. Rf2 Qg7 32. Qc4 Bd6 33. Bd2 Qd7 34. c3 Nb5
35. Be3 Qe7 36. Rd2 Nc7 37. Rad1 Rfd8 38. Qb3 Ne8 39. Qb6 Kh8 40. Bb3 Bc7 41.
Bxc5 Rxd2+ 42. Rxd2 Bxb6 43. Bxe7 Bxa5 44. Rd7 b5 45. Bf7 b4 46. cxb4 Bb6 47.
Bxg6 Rc8 48. Bxh5 Kg8 49. Bxe8 Rxe8 50. Bxf6 Bd4 51. Rd8 1-0

[Event "Superettan(Wasa-Orebro)"]
[Site "?"]
[Date "2012.02.04"]
[Round "5"]
[White "Drugge, Patrick"]
[Black "Berkell, Peder"]
[Result "0-1"]
[WhiteElo "2259"]
[BlackElo "2161"]
[PlyCount "40"]

1. e4 b6 2. d4 e6 3. Nf3 Bb7 4. Bd3 c5 5. c3 Nf6 6. e5 Nd5 7. Ng5 Nc6 8. Qf3
Qe7 9. Ne4 O-O-O 10. Nd6+ Kb8 11. Nxf7 cxd4 12. Nxh8 Nxe5 13. Qg3 d6 14. Bxh7
g6 15. Bg5 Qxh7 16. Bxd8 Nf4 17. Bf6 g5 18. Kd1 Bf3+ 19. gxf3 Qd3+ 20. Nd2 Nc4
0-1

[Event "Superettan(Wasa-Orebro)"]
[Site "?"]
[Date "2012.02.04"]
[Round "5"]
[White "Wenzel, Birger"]
[Black "Zetterberg, Staffan"]
[Result "1/2-1/2"]
[WhiteElo "2070"]
[BlackElo "2309"]
[PlyCount "49"]

1. Nf3 Nf6 2. c4 c5 3. Nc3 d5 4. cxd5 Nxd5 5. d4 cxd4 6. Qxd4 Nxc3 7. Qxc3 Nc6
8. e4 e6 9. a3 Bd7 10. Be2 Rc8 11. Qe3 Be7 12. O-O O-O 13. b4 a6 14. Bb2 Qc7
15. Rac1 Rfd8 16. Bd4 Qb8 17. Bb6 Rf8 18. Rfd1 Be8 19. Nd2 Ne5 20. Nb3 Ba4 21.
Ba7 Qa8 22. Bd4 Qb8 23. Ba7 Qa8 24. Bd4 Qb8 25. Ba7 1/2-1/2

[Event "Superettan(Wasa-Orebro)"]
[Site "?"]
[Date "2012.02.04"]
[Round "5"]
[White "Blomstrom, Lars"]
[Black "Collett, Peter"]
[Result "1/2-1/2"]
[WhiteElo "2142"]
[BlackElo "2238"]
[PlyCount "58"]

1. e4 e5 2. Nf3 Nc6 3. Bb5 a6 4. Ba4 Nf6 5. O-O Be7 6. Bxc6 dxc6 7. d3 Nd7 8.
Nbd2 O-O 9. Nc4 f6 10. Kh1 Nc5 11. Ng1 Re8 12. Ne2 Ne6 13. f4 exf4 14. Nxf4
Nxf4 15. Bxf4 c5 16. Qf3 Be6 17. Ne3 Bd6 18. Rae1 Qd7 19. b3 a5 20. a4 b6 21.
Qg3 Rad8 22. Bxd6 Qxd6 23. Qh4 Qc6 24. Rf3 Rd4 25. Ref1 Qd7 26. Qg3 Qd6 27. Qh4
Qd7 28. Qg3 Qd6 29. Qh4 Qd7 1/2-1/2

[Event "Superettan(Wasa-Orebro)"]
[Site "?"]
[Date "2012.02.04"]
[Round "5"]
[White "Nordstrom, Felix"]
[Black "Jonsson, Krister"]
[Result "1/2-1/2"]
[WhiteElo "2168"]
[BlackElo "2141"]
[PlyCount "46"]

1. d4 d5 2. c4 c6 3. Nf3 Nf6 4. Nc3 dxc4 5. a4 Bf5 6. Ne5 Nbd7 7. Nxc4 Nb6 8.
Ne5 a5 9. f3 Nfd7 10. Nd3 e6 11. e4 Bg6 12. Be3 Be7 13. Qb3 O-O 14. Be2 Rc8 15.
O-O c5 16. dxc5 Nxc5 17. Nxc5 Bxc5 18. Bxc5 Rxc5 19. Rfd1 Qc7 20. Nb5 Qc8 21.
Na7 Qc7 22. Nb5 Qc8 23. Na7 Qc7 1/2-1/2